Master-Minded : (Record no. 14259)
[ view plain ]
| 000 -LEADER | |
|---|---|
| fixed length control field | 00861nam a2200229 a 4500 |
| 003 - CONTROL NUMBER IDENTIFIER | |
| control field | PILC |
| 005 - DATE AND TIME OF LATEST TRANSACTION | |
| control field | 20241119134212.0 |
| 008 - FIXED-LENGTH DATA ELEMENTS--GENERAL INFORMATION | |
| fixed length control field | 040930s1991 xx 00 eng d |
| 010 ## - LIBRARY OF CONGRESS CONTROL NUMBER | |
| LC control number | Acc#33247-8 |
| 020 ## - INTERNATIONAL STANDARD BOOK NUMBER | |
| International Standard Book Number | 1563090465 |
| 040 ## - CATALOGING SOURCE | |
| Transcribing agency | Philippine Baptist Theological Seminary |
| 050 ## - LIBRARY OF CONGRESS CALL NUMBER | |
| Classification number | BV 2807 |
| Item number | Sm62 1991 |
| 100 10 - MAIN ENTRY--PERSONAL NAME | |
| Personal name | Smith, Melanie Blount |
| 245 10 - TITLE STATEMENT | |
| Title | Master-Minded : |
| Remainder of title | ten stories of contemporary servants / |
| Statement of responsibility, etc. | Melanie Blount Smith. |
| 260 0# - PUBLICATION, DISTRIBUTION, ETC (IMPRINT) | |
| Place of publication, distribution, etc. | Birmingham, AL : |
| Name of publisher, distributor, etc. | New Hope, |
| Date of publication, distribution, etc. | c1991. |
| 300 ## - PHYSICAL DESCRIPTION | |
| Extent | 89 p. : 18 cm. |
| 505 ## - FORMATTED CONTENTS NOTE | |
| Formatted contents note | New York, New York -- God's world -- On call -- Island couple -- A doctor for India -- Open doors -- Second chance -- Gatlinburg roller coaster -- Mission: Alaska -- Hard road to Bangladesh -- |
| 650 ## - SUBJECT ADDED ENTRY--TOPICAL TERM | |
| Topical term or geographic name as entry element | MISSIONARIES |
| 650 ## - SUBJECT ADDED ENTRY--TOPICAL TERM | |
| Topical term or geographic name as entry element | MISSIONS |
| General subdivision | STORIES |
| 650 #4 - SUBJECT ADDED ENTRY--TOPICAL TERM | |
| Topical term or geographic name as entry element | MISSIONARIES |
| General subdivision | CALL AND TRAINING |
| 942 ## - ADDED ENTRY ELEMENTS (KOHA) | |
| Koha item type | Circulation Books |
| Source of classification or shelving scheme | Library of Congress Classification |
| Withdrawn status | Lost status | Source of classification or shelving scheme | Damaged status | Not for loan | Home library | Current library | Shelving location | Date acquired | Source of acquisition | Cost, normal purchase price | Total Checkouts | Full call number | Barcode | Date last seen | Price effective from | Koha item type |
|---|---|---|---|---|---|---|---|---|---|---|---|---|---|---|---|---|
| Dewey Decimal Classification | PBTS Library | PBTS Library | Circulation Section | 09/30/2004 | 10.00 | BV 2807 Sm62 1991 | 33247 | 03/18/2026 | 04/02/2015 | Circulation Books | ||||||
| Dewey Decimal Classification | PBTS Library | PBTS Library | Circulation Section | 09/30/2004 | 10.00 | BV 2807 Sm62 1991 | 33248 | 03/18/2026 | 04/02/2015 | Circulation Books |